header

Patterns (Record no. 106484)

MARC details
000 -LEADER
fixed length control field 01446nam a2200361Ia 4500
082 04 - DEWEY DECIMAL CLASSIFICATION NUMBER
Classification number 004.67/8
245 00 - TITLE STATEMENT
Title Patterns
250 ## - EDITION STATEMENT
Edition statement 1st ed.
260 ## - PUBLICATION, DISTRIBUTION, ETC. (IMPRINT)
Place of publication Research Triangle Park, NC :
Name of publisher IBM, International Technical Support Organization,
Year of publication c2004.
300 ## - PHYSICAL DESCRIPTION
Number of Pages xiv, 278 p. :
Other physical details ill.
490 1# - SERIES STATEMENT
Series statement IBM redbooks
500 ## - GENERAL NOTE
General note "January 2004."
650 #0 - SUBJECT ADDED ENTRY--TOPICAL TERM
Topical Term Web servers
700 1# - ADDED ENTRY--PERSONAL NAME
Personal name Sadtler, Carla.
856 40 - ELECTRONIC LOCATION AND ACCESS
Uniform Resource Identifier http://site.ebrary.com/lib/rucke/Doc?id=10112081

No items available.

© 2026 Rongo University
Contact us: librarian | system librarian | Rongo university